000 01173cam a22002055a 4500
001 L149551
008 100318e2010 xxk 000 0 eng d
035 _a(Sirsi) u149551
041 0 _aeng
100 1 _aShah, Aditi
245 0 0 _aMarkets
_bThames Valley
260 _c2010
490 _aProperty Week
_v76(9) 5 March 2010,43-48(5)
520 _aThames Valley office take-up plummeted in 2009, resulting in a 30% rise in available space, whereas Newbury?s office take?up increased by 8% over 2008. Bio-research company, Quintiles, has shortlisted four schemes in the region for its 120 000 sq ft headquarters. Roger Hicks makes the case for promoting Thames Valley as a business destination. Sackville Properties hopes this month to conclude its section 116 agreements with Reading Borough Council on Sackville?s £400m Station Hill scheme. Kier Property has forward-sold the University of Reading?s Enterprise Centre to Merchant Place for £17.6m. Newbury?s Parkway shopping centre is rapidly taking shape.
590 _aKA
651 4 _aThames Valley
690 _aPROPERTY-COMMERCIAL PROPERTY-COMMERCIAL PROPERTY MARKET
700 1 _aHicks, Roger
942 _n0
999 _c82206
_d82206